00587nam a2200241Ia 450000500170000000800460001702000180006303700100008104000080009104000080009904000080010704100080011504100080012308400080013110000180013924500440015726000220020126000220022326000090024565000220025470000210027685600480029720260121124606.0008 260114s9999 xx 000 0 eng d a9780773592209 aEBOOK aCRL beng cCRL 2eng aeng qCRL aSikka, Sonia  0aMulticulturalism and Religious Identity bWalter de Gruyter bWalter de Gruyter c2014 aPolitical Science a Beaman, Lori G. uhttp://www.degruyter.com/isbn/9780773592209